00378nam a2200157Ia 45000010006000000050017000060080041000230410008000640820016000721000038000882450041001262600009001673000028001766500008002046540008002121031220260306161823.0260306t1983||||xx |||||||||||||| ||spa|| aESP a918.57bN47 aNeuenschwander Landa, CarloseAUT 0aPaititi:ben la bruma de la historia c1983 a153 páginas :c21 cm. aGEN aCHU